Statystyki dla Zawodnicy FAME MMA (1-7)

Kliknij tutaj aby rozwiązać quiz!

Ogólne statystyki

  • Ten quiz został rozwiązany 11,500 razy
    (868 od ostatniego zresetowania)
  • Średni wynik to 42 z 70

Statystyki odpowiedzi

ANSWER % Correct
Michał "Boxdel" Baron
92%
Adrian "Polak" Polański
92%
Wojciech Gola
90%
Marta "Linkimaster" Linkiewicz
90%
Aniela "Lil Masti" Bogusz
89%
Marcin "El Testosteron" Najman
89%
Amadeusz "Ferrari" Roślik
89%
Kasjusz "Don Kasjo" Życiński
87%
Marcin "Rafonix" Krasucki
87%
Dawid Malczyński
86%
Daniel "Magical" Zwierzyński
85%
Maksymilian "Wiewiór" Wiewiórka
83%
Dariusz "Lew" Kazimierczuk
82%
Marcin Malczyński
82%
Szymon "Isamu" Kasprzyk
81%
Piotr "Bonus BGC" Witczak
81%
Paweł "Popek" Mikołajuw
78%
Marek "Kruszwil" Kruszel
77%
Mateusz "Mini Majk" Krzyżanowski
76%
Damian "Stifler" Zduńczyk
75%
Kamila "Zusje" Smogulecka
72%
Marek "Adbuster" Hoffman
72%
Tomasz Olejnik
71%
Sebastian "Ztrolowany" Nowak
71%
Piotr "Bestia" Piechowiak
69%
Mariusz "Hejter" Słoński
68%
Daniel "Deejaypallaside" Pawlak
68%
Kamil "Hassi" Hassan
67%
Jakub "Kubańczyk" Flas
65%
Krystian "Krycha" Wilczak
63%
Marta "Martirenti" Rentel
61%
Jakub "Guzik" Szymański
61%
Paweł "Tybori" Tyburski
61%
Łukasz Lupa
61%
Marcin Makowski
60%
Arkadiusz "Aroy" Tańcula
59%
Dawid "Surfer" Ozdoba
59%
Dawid "Ambro" Ambroziak
59%
Maciej Rataj
59%
Szymon "TAXI Złotówa" Wrzesień
58%
Monika "Esmeralda" Godlewska
57%
Filip "Filipek" Marcinek
57%
Ewelina "Ewelona" Kubiak
55%
Patryk "Kizo" Woziński
53%
Kamil "Kasti" Stępiński
53%
Alan "Alanik" Kwieciński
49%
Michał Handke
48%
Patryk „Ryba” Karaś
47%
Maciej "Szewcu" Szewczyk
46%
Mateusz "L Pro" Łapot
45%
Adrian "Medusa" Salamon
45%
Cyprian "Cypis" Porębski
42%
Łukasz "Tomb" Imiełowski
42%
Oleh Riaszeńczew
42%
Sylwester "Bystrzak" Tkocz
41%
Michał "Bogas" Bgawski
40%
Piotr i Paweł Tyburscy
40%
Hubert "Ken" Korczak
37%
Bartosz "Qbik" Kubik
37%
Krystian "Jongmen" Brzezińsk
37%
Piotr i Paweł Kluk
32%
Piotr "Knaziuu" Knaś
31%
Bartosz "Ruby" Brzeziński
31%
Krzysztof "Bodychrist" Ciesielski
30%
Marcin "Mnich Terminator" Wójcik
27%
Artek "Waluś" Walczak
25%
Piotr "Czapi" Czapiewski
24%
Marek "Maro" Wilczak
21%
Piotr Celej
21%
Krzysztof Olczak
20%

Rozkład punktacji

Percentyl według liczby udzielonych odpowiedzi

Procent ludzi z każdym wynikiem

Twoja historia wyników

Nie rozwiązałeś tego quizu od ostatniego zresetowania